Golfers By Picture #1 - Statistics

General Stats
  • This quiz has been taken 1,356 times
  • The average score is 10 of 16
Answer Stats
Picture Answer % Correct
Tiger Woods
100%
Rory McIlroy
91%
Jack Nicklaus
87%
Phil Mickelson
84%
Brooks Koepka
75%
Viktor Hovland
71%
Min Woo Lee
70%
Adam Scott
62%
Hideki Matsuyama
61%
Gary Player
60%
Ludvig Aberg
59%
Billy Horschel
44%
Annika Sörenstam
37%
Danny Willett
37%
Fred Couples
29%
Michelle Wie-West
20%
No matching quizzes found
Score Distribution
Percent of People with Each Score
Percentile by Number Answered
Your Score History
You have not taken this quiz